History Quiz

Random History Quiz

Historical License Quiz Stats

 Plays Quiz Updated Nov 15, 2018

Challenge
Share
Tweet
Score 0/24 Timer 05:00
0 Plays Today
# Historical Figures % Correct
16Albert Einstein
91.3%
8Leonardo da Vinci
75.8%
24Jesus Christ
73.6%
10William Shakespeare
73.4%
11Abraham Lincoln
71%
2Sigmund Freud
69.6%
19Martin Luther King, Jr.
69.6%
17Julius Caesar
69.2%
9Michelangelo
63.2%
5Martin Luther
61.1%
20Homer
58.4%
21Moses
57.8%
# Historical Figures % Correct
18Neil Armstrong
43.8%
14Nicolaus Copernicus
41.5%
15Richard Nixon
38.9%
6Watson & Crick
37.5%
1Benjamin Franklin
34.4%
3George Orwell
31.3%
23Nero
26.5%
4John Wilkes Booth
26%
22Thomas Edison
20.1%
13Elvis Presley
17.4%
12George H.W. Bush
9.3%
7Godiva
4.2%

You're not logged in!

Compare scores with friends on all Sporcle quizzes.
OR
Log In

You Might Also Like...

Show Comments

Extras

Top Quizzes Today


Score Distribution

Your Account Isn't Verified!

In order to create a playlist on Sporcle, you need to verify the email address you used during registration. Go to your Sporcle Settings to finish the process.

Report this User

Report this user for behavior that violates our Community Guidelines.

Details: